Statistics for European countries by highest point

Click here to take the quiz!

General Stats

  • This quiz has been taken 33 times
  • The average score is 21 of 45

Answer Stats

Height (m)Point nameCountry% Correct
4 809Mont BlancFrance
100%
4 809Monte BiancoItaly
100%
3 798GrossglocknerAustria
96%
5 642Mount ElbrusRussia
96%
4 634Monte RosaSwitzerland
96%
2 962ZugspitzeGermany
92%
2 917Mount OlympusGreece
88%
2 469GaldhøpiggenNorway
73%
2 942Coma PedrosaAndorra
69%
3 479MulhacénSpain
69%
75Vatican HillVatican City
69%
171MøllehøjDenmark
62%
2 110HvannadalshnúkurIceland
62%
1 345Ben NevisUnited Kingdom
62%
163Chemin des RévoiresMonaco
58%
2 544Moldoveanu PeakRomania
58%
2 864TriglavSlovenia
54%
294Aukštojas HillLithuania
46%
2 655Gerlachovský štítSlovakia
46%
312GaiziņkalnsLatvia
42%
321VaalserbergNetherlands
42%
318Suur MunamägiEstonia
38%
2 764Mount KorabAlbania
35%
2 499RysyPoland
35%
749Monte TitanoSan Marino
35%
2 386MaglićBosnia and Herzegovina
31%
1 014KékesHungary
31%
1 041CarrauntoohilIreland
31%
2 764Mount KorabNorth Macedonia
31%
2 351Mount PicoPortugal
31%
1 603SněžkaCzech Republic
27%
1 324HaltiFinland
27%
253Ta' DmejrekMalta
27%
430BălăneștiMoldova
27%
2 061HoverlaUkraine
27%
345Dzyarzhynskaya HaraBelarus
23%
694Signal de BotrangeBelgium
23%
2 925MusalaBulgaria
23%
1 831DinaraCroatia
23%
560KneiffLuxembourg
23%
2 169MidžorSerbia
23%
2 104KebnekaiseSweden
23%
2 658Great RudokaKosovo
15%
2 599Vorder GrauspitzLiechtenstein
12%
2 534Zla KolataMontenegro
12%

Score Distribution

Percentile by Number Answered

Percent of People with Each Score

Your Score History

You have not taken this quiz